| 000 | 00744nam a2200217 a 4500 | ||
|---|---|---|---|
| 005 | 20220802154850.0 | ||
| 008 | 030514s2005 mx r 000 0 spa d | ||
| 020 | _a970221193X | ||
| 035 | _aUPN01000124142 | ||
| 049 | _aI | ||
| 050 | 4 |
_aQL49 _bG8.9 |
|
| 100 | 1 |
_aGuibert, Francoise de, _d1970- _933413 |
|
| 245 | 1 | 3 |
_aEl zoológico / _credacción de Francoise de Guibert ; il. de Isabelle Assémat ; tr. Amalia Estrada. |
| 260 |
_aMéxico : _bLarousse, _c2005. |
||
| 300 |
_a32 p. : _bil. col. |
||
| 440 | 0 | _aMi pequeña enciclopedia | |
| 534 |
_pTraducción de: _tMes petites encyclopédies Larousse-Au zoo |
||
| 650 | 4 |
_aZOOLOGIA - _vLITERATURA INFANTIL _911352 |
|
| 650 | 4 |
_aEnciclopedias y diccionarios infantiles _98587 |
|
| 905 | _aLIbro | ||
| 999 |
_c96321 _d96321 |
||